Die Vorbereitung des weltanschaulichen Vernichtungskriegs

Bibliographische Detailangaben
Veröffentlicht in:Politik der Vernichtung. - München : Piper, 1998. - (1998), Seite 296-320
1. Verfasser: Longerich, Peter (VerfasserIn)
Format: Aufsatz
Veröffentlicht: [S.l.] : München, 1998
Zugriff auf das übergeordnete Werk:Politik der Vernichtung
LEADER 01000caa a22002652c 4500
001 569159792
003 DE-627
005 20220703140410.0
007 tu
008 080612s1998 xx ||||| 00| ||und c
035 |a (DE-627)569159792 
035 |a (DE-599)GBV569159792 
040 |a DE-627  |b ger  |c DE-627  |e rakwb 
100 1 |a Longerich, Peter  |e verfasserin  |4 aut 
245 1 4 |a Die Vorbereitung des weltanschaulichen Vernichtungskriegs 
264 1 |a [S.l.]  |b München  |c 1998 
336 |a Text  |b txt  |2 rdacontent 
337 |a ohne Hilfsmittel zu benutzen  |b n  |2 rdamedia 
338 |a Band  |b nc  |2 rdacarrier 
773 0 8 |i In  |a Longerich, Peter, 1955 -   |t Politik der Vernichtung  |d München : Piper, 1998  |g (1998), Seite 296-320  |h 772 S.  |w (DE-627)250241854  |w (DE-576)069902119  |z 3492037550  |7 nnam 
773 1 8 |g year:1998  |g pages:296-320 
912 |a GBV_USEFLAG_U 
912 |a GBV_ILN_21 
912 |a ISIL_DE-46 
912 |a SYSFLAG_1 
912 |a GBV_KXP 
912 |a GBV_ILN_11 
912 |a GBV_ILN_20 
912 |a GBV_ILN_22 
912 |a GBV_ILN_24 
912 |a GBV_ILN_31 
912 |a GBV_ILN_32 
912 |a GBV_ILN_39 
912 |a GBV_ILN_40 
912 |a GBV_ILN_50 
912 |a GBV_ILN_60 
912 |a GBV_ILN_62 
912 |a GBV_ILN_65 
912 |a GBV_ILN_69 
912 |a GBV_ILN_70 
912 |a GBV_ILN_72 
912 |a GBV_ILN_74 
912 |a GBV_ILN_77 
912 |a GBV_ILN_78 
912 |a GBV_ILN_90 
912 |a GBV_ILN_92 
912 |a GBV_ILN_104 
912 |a GBV_ILN_110 
912 |a GBV_ILN_113 
912 |a GBV_ILN_120 
912 |a GBV_ILN_121 
912 |a GBV_ILN_130 
912 |a GBV_ILN_131 
912 |a GBV_ILN_147 
912 |a GBV_ILN_176 
912 |a GBV_ILN_203 
912 |a GBV_ILN_227 
912 |a GBV_ILN_276 
912 |a GBV_ILN_285 
912 |a GBV_ILN_350 
912 |a GBV_ILN_376 
912 |a GBV_ILN_603 
912 |a GBV_ILN_606 
912 |a GBV_ILN_607 
912 |a GBV_ILN_636 
912 |a GBV_ILN_665 
912 |a GBV_ILN_694 
912 |a GBV_ILN_697 
912 |a GBV_ILN_702 
912 |a GBV_ILN_812 
912 |a GBV_ILN_813 
912 |a GBV_ILN_1003 
912 |a GBV_ILN_2001 
912 |a GBV_ILN_2002 
912 |a GBV_ILN_2003 
912 |a GBV_ILN_2004 
912 |a GBV_ILN_2005 
912 |a GBV_ILN_2006 
912 |a GBV_ILN_2007 
912 |a GBV_ILN_2008 
912 |a GBV_ILN_2009 
912 |a GBV_ILN_2010 
912 |a GBV_ILN_2011 
912 |a GBV_ILN_2012 
912 |a GBV_ILN_2015 
912 |a GBV_ILN_2016 
912 |a GBV_ILN_2018 
912 |a GBV_ILN_2020 
912 |a GBV_ILN_2024 
912 |a GBV_ILN_2035 
912 |a GBV_ILN_2036 
912 |a GBV_ILN_2037 
912 |a GBV_ILN_2038 
912 |a GBV_ILN_2039 
912 |a GBV_ILN_2041 
912 |a GBV_ILN_2042 
912 |a GBV_ILN_2044 
912 |a GBV_ILN_2105 
912 |a GBV_ILN_2115 
912 |a GBV_ILN_2123 
912 |a GBV_ILN_2155 
912 |a GBV_ILN_2156 
912 |a GBV_ILN_2165 
912 |a GBV_ILN_2258 
912 |a GBV_ILN_2284 
912 |a GBV_ILN_2428 
912 |a GBV_ILN_2436 
912 |a GBV_ILN_2490 
912 |a GBV_ILN_2498 
912 |a GBV_ILN_2502 
912 |a GBV_ILN_2549 
912 |a GBV_ILN_606 
912 |a ISIL_DE-B1549 
951 |a AR 
952 |j 1998  |h 296-320 
980 |2 21  |1 01  |x 0046  |b 1350765562  |y xza  |z 10-01-13 
980 |2 606  |1 01  |x 4606  |b 878276424  |y nt  |z 23-03-04